| 000 | 01060nac a22002891u 4500 | ||
|---|---|---|---|
| 003 | EG-ScBUE | ||
| 005 | 20220202100746.0 | ||
| 008 | 100919s1987 miua f b 001 0beng d | ||
| 020 | _a0472100750 | ||
| 040 |
_aEG-ScBUE _beng _erda _cEG-ScBUE _dEG-ScBUE |
||
| 082 | 0 | 4 |
_a823.912 _bGIN _222 |
| 100 | 1 |
_aGindin, James, _d1926-1994, _eauthor. _919509 |
|
| 245 | 1 | 0 |
_aJohn Galsworthy's life and art : _ban Alien's fortress / _cJames Gindin. |
| 264 | 1 |
_aAnn Arbor, Michigan : _bThe University of Michigan Press, _c1987. |
|
| 300 |
_axvii, 616 pages, [16] pages of plates : _billustrations ; _c23 cm |
||
| 336 |
_2rdacontent _atext _btxt |
||
| 337 |
_2rdamedia _aunmediated _bn |
||
| 338 |
_2rdacarrier _avolume _bnc |
||
| 504 | _aIncludes bibliographical references and index. | ||
| 600 | 1 | 7 |
_aGalsworthy, John, _d1867-1933. _2BUEsh _919510 |
| 650 | 7 |
_aNovelists, English _y20th century _xBiography. _2BUEsh _919511 |
|
| 651 | _2BUEsh | ||
| 653 | _bHHUUEENN | ||
| 655 |
_vReading book _934232 |
||
| 942 |
_cBB _k823.912 GIN _2ddc |
||
| 999 |
_c1667 _d1667 |
||